Física de los sólidos / (Registro nro. 140958)

Detalles MARC
000 -LEADER
campo de control de longitud fija 00750nam a2200217 i 4500
001 - NÚMERO DE CONTROL
campo de control 140958
003 - IDENTIFICADOR DE NÚMERO DE CONTROL
campo de control ES-MaACL
005 - FECHA Y HORA DE LA ÚLTIMA TRANSACCIÓN
campo de control 20250831023625.0
007 - CAMPO FIJO DE DESCRIPCIÓN FÍSICA--INFORMACIÓN GENERAL
campo de control de longitud fija t|
008 - DATOS DE LONGITUD FIJA--INFORMACIÓN GENERAL
campo de control de longitud fija 070918s1967 sp ||||1| spa d
100 1# - ENTRADA PRINCIPAL--NOMBRE DE PERSONA
Nombre de persona Wert, Charles A.
9 (RLIN) 116517
245 10 - MENCIÓN DEL TÍTULO
Título Física de los sólidos /
Mención de responsabilidad, etc. Charles A. Wert, Robb M. Thomson ; traducción y adaptación Ricardo Anca Abati, Francisco Aguilar Bartolomé.
260 ## - PUBLICACIÓN, DISTRIBUCIÓN, ETC.
Lugar de publicación, distribución, etc. Madrid :
Nombre del editor, distribuidor, etc. Castillo,
Fecha de publicación, distribución, etc. [1967]
300 ## - DESCRIPCIÓN FÍSICA
Extensión 464 p. :
Otras características físicas il. ;
Dimensiones 24 cm.
650 #7 - PUNTO DE ACCESO ADICIONAL DE MATERIA--TÉRMINO DE MATERIA
Término de materia o nombre geográfico como elemento de entrada Física del estado sólido
Fuente del encabezamiento o término embne
9 (RLIN) 161238
700 1# - ENTRADA AGREGADA--NOMBRE PERSONAL
Nombre de persona Thomson, Robb M.
9 (RLIN) 110119
700 1# - ENTRADA AGREGADA--NOMBRE PERSONAL
Nombre de persona Anca Abati, Ricardo.
9 (RLIN) 21390
700 1# - ENTRADA AGREGADA--NOMBRE PERSONAL
Nombre de persona Aguilar Bartolomé, Francisco.
9 (RLIN) 18712
852 ## - LOCALIZACIÓN
Ubicación ES-MaACL
Número de control de estantería C-32260
Sublocalización o colección R.62441
Existencias
Estatus retirado Estado de pérdida Estado de daño No para préstamo Biblioteca de origen Biblioteca actual Ubicación en estantería Fecha de adquisición Fuente de adquisición Total de préstamos Signatura topográfica completa Código de barras Visto por última vez Precio de reemplazo Tipo de ítem Koha
        Biblioteca del Ateneo de Madrid Biblioteca del Ateneo de Madrid Depósito 2 17/01/2008     C-32260 1146673 23/02/2023 23/02/2023 Libro impreso